000
00277nam a22001217a 4500
008
181218b xxu||||| |||| 00| 0 eng d
041
_a
eng
080
_a
510
100
_a
37
101
_a
MAT
245
_a
Pre Algebra An Accelerated Course
_c
Milfin.H
942
_2
udc
_c
BK
999
_c
53353
_d
53353